LIBRARY ONLINE CATALOGUE

Surrender to love : (Record no. 21770)

MARC details
000 -LEADER
fixed length control field 01628cam a2200373 i 4500
001 - CONTROL NUMBER
control field 18656490
003 - CONTROL NUMBER IDENTIFIER
control field OSt
005 - DATE AND TIME OF LATEST TRANSACTION
control field 20260703094740.0
008 - FIXED-LENGTH DATA ELEMENTS--GENERAL INFORMATION
fixed length control field 150612s2015 ilu 000 0 eng
010 ## - LIBRARY OF CONGRESS CONTROL NUMBER
LC control number 2015022994
020 ## - INTERNATIONAL STANDARD BOOK NUMBER
International Standard Book Number 9780830846115
Qualifying information pbk. : alk. paper
035 ## - SYSTEM CONTROL NUMBER
System control number 18656490
040 ## - CATALOGING SOURCE
Original cataloging agency DLC
Language of cataloging eng
Transcribing agency DLC
Description conventions rda
Modifying agency DLC
042 ## - AUTHENTICATION CODE
Authentication code pcc
050 00 - LIBRARY OF CONGRESS CALL NUMBER
Classification number BV4817
Item number .B356 2015
082 00 - DEWEY DECIMAL CLASSIFICATION NUMBER
Classification number 231/.6
Edition number 23
100 1# - MAIN ENTRY--PERSONAL NAME
Personal name Benner, David G.
245 10 - TITLE STATEMENT
Title Surrender to love :
Remainder of title discovering the heart of Christian spirituality /
Statement of responsibility, etc. David G. Benner ; foreword by M. Basil Pennington.
250 ## - EDITION STATEMENT
Edition statement Expanded Edition
264 #1 - PRODUCTION, PUBLICATION, DISTRIBUTION, MANUFACTURE, AND COPYRIGHT NOTICE
Place of production, publication, distribution, manufacture Downers Grove :
Name of producer, publisher, distributor, manufacturer IVP Books,
Date of production, publication, distribution, manufacture, or copyright notice [2015]
300 ## - PHYSICAL DESCRIPTION
Extent 127 pages ;
Dimensions 21 cm.
336 ## - CONTENT TYPE
Content type term text
Content type code txt
Source rdacontent
337 ## - MEDIA TYPE
Media type term unmediated
Media type code n
Source rdamedia
338 ## - CARRIER TYPE
Carrier type term volume
Carrier type code nc
Source rdacarrier
490 0# - SERIES STATEMENT
Series statement The spiritual journey
505 0# - FORMATTED CONTENTS NOTE
Formatted contents note Surrender, love and, spirituality -- It all begins with love -- Love and fear -- Surrender and obedience -- Transformed by love -- Becoming love -- The spiritual journey.
583 ## - ACTION NOTE
Action Cataloguing:
Time/date of action 20260703
Action agent gtanuigtanui
650 #0 - SUBJECT ADDED ENTRY--TOPICAL TERM
Topical term or geographic name as entry element God (Christianity)
General subdivision Worship and love.
650 #0 - SUBJECT ADDED ENTRY--TOPICAL TERM
Topical term or geographic name as entry element Submissiveness
General subdivision Religious aspects
-- Christianity.
776 08 - ADDITIONAL PHYSICAL FORM ENTRY
Relationship information Online version:
Main entry heading Benner, David G.
Title Surrender to love
Edition Expanded Edition
Place, publisher, and date of publication Downers Grove : InterVarsity Press, 2015
International Standard Book Number 9780830899449
Record control number (DLC) 2015023874
906 ## - LOCAL DATA ELEMENT F, LDF (RLIN)
a 7
b cbc
c orignew
d 1
e ecip
f 20
g y-gencatlg
942 ## - ADDED ENTRY ELEMENTS (KOHA)
Source of classification or shelving scheme Library of Congress Classification
Koha item type General Collection
Holdings
Withdrawn status Lost status Source of classification or shelving scheme Not for loan Home library Current library Shelving location Date acquired Source of acquisition Inventory number Total Checkouts Full call number Barcode Date last seen Copy number Price effective from Koha item type
    Library of Congress Classification   Kabarak, Main Campus Kabarak, Main Campus General Stacks 03/07/2026 Donation 2026/4406   BV4817 .B356 2015 C.1 37953 03/07/2026 C.1 03/07/2026 General Collection